Southville International School and Colleges
Your cart is empty.
  • Cart
  • Lists
    Public lists Eva Luna New books Lux_list list_1
    Your lists Log in to create your own lists
  • Log in to your account
  • Your cookies
  • Search history
Southville International School and Colleges
  • Advanced search
  • Recent comments
  • Most popular
  • Libraries

Log in to your account

Log in with GOOGLE


If you do not have an external account, but do have a local account, you can still log in:

  1. Home
  2. MARC view: Thinking doing culture /
Normal view MARC view ISBD view

Thinking doing culture / (Record no. 115620)

[ view plain ]
MARC details
000 -LEADER
fixed length control field 00544nam a2200193Ia 4500
008 - FIXED-LENGTH DATA ELEMENTS--GENERAL INFORMATION
fixed length control field 140429s9999 xx 000 0 und d
020 ## - INTERNATIONAL STANDARD BOOK NUMBER
International Standard Book Number 9789715066235
050 ## - LIBRARY OF CONGRESS CALL NUMBER
Classification number PL 5539.T74
Item number .T153d 2011
100 ## - MAIN ENTRY--PERSONAL NAME
Personal name Tan, Michael T.
245 ## - TITLE STATEMENT
Title Thinking doing culture /
Statement of responsibility, etc Michael L. Tan.
260 ## - PUBLICATION, DISTRIBUTION, ETC. (IMPRINT)
Place of publication, distribution, etc Manila :
Name of publisher, distributor, etc UST Pub. House,
Date of publication, distribution, etc c2011.
300 ## - PHYSICAL DESCRIPTION
Extent 116 p. :
Dimensions 21 cm.
521 ## - TARGET AUDIENCE NOTE
Target audience note
650 ## - SUBJECT ADDED ENTRY--TOPICAL TERM
Topical term or geographic name as entry element Culture.
650 ## - SUBJECT ADDED ENTRY--TOPICAL TERM
Topical term or geographic name as entry element Philippines essays (Emglish).
650 ## - SUBJECT ADDED ENTRY--TOPICAL TERM
Topical term or geographic name as entry element Philippines
General subdivision Customs and traditions.
942 ## - ADDED ENTRY ELEMENTS (KOHA)
Call number prefix Local
Koha item type Books
Holdings
Withdrawn status Lost status Source of classification or shelving scheme Damaged status Home library Current library Shelving location Date acquired Source of acquisition Cost, normal purchase price Total Checkouts Full call number Barcode Date last seen Price effective from Koha item type
    Library of Congress Classification   College Library College Library General Circulation Section 04/29/2014 Library Fund 250.00   PL 5539.T74 .T153d 2011 C16936 05/15/2018 04/29/2014 Books

Thinking doing culture /

APA

Tan M. T., . (2011). Thinking doing culture. Manila: UST Pub. House.

Chicago

Tan Michael T, . 2011. Thinking doing culture. Manila: UST Pub. House.

Harvard

Tan M. T., . (2011). Thinking doing culture. Manila: UST Pub. House.

MLA

Tan Michael T, . Thinking doing culture. Manila: UST Pub. House. 2011.

  • Place hold
  • Print
  • Cite
  • Add to your cart (remove)
  • Save record
    BIBTEX Dublin Core MARCXML MARC (non-Unicode/MARC-8) MARC (Unicode/UTF-8) MARC (Unicode/UTF-8, Standard) MODS (XML) RIS
  • More searches
    Search for this title in:
    Other Libraries (WorldCat) Other Databases (Google Scholar) Online Stores (Bookfinder.com) Open Library (openlibrary.org)

Exporting to Dublin Core...

SOUTHVILLE LIBRARY

Southville International School and Colleges Library

1281 Tropical Ave. Cor. Luxembourg St., BF Homes International, Las Pinas City

Tel. No. 8256374 / 252358 Loc. 117/146

Powered by Koha